000 00712cam a2200205 4500
005 20150810080410.0
008 150807b mx ||||| |||| 00| 0 spa d
020 _a9688591211
050 0 4 _aBV5075
_bC47 1993
100 1 _aCerteau, Michel de,
_d[1925-1986]
245 1 3 _aLa Fábula mística siglos XVI-XVII /
_cMichel de Certeau ; traducción de Jorge López Moctezuma.
250 _a1a. ed.
260 _aMéxico :
_bUniversidad Iberoamericana, Departamento de Historia,
_c1993.
300 _a353 p. ;
_c23 cm.
490 _aEl Oficio de la Historia
504 _aIncluye índice
650 7 _2LEMB
_aMisticismo
_xHistoria
_xSiglos XVI-XVII
700 1 _aLópez Moctezuma, Jorge,
_etr.
942 _2lcc
_cLIB
999 _c54872
_d54872